La valeur d'un film : Philosophie du beau au cinéma (notice n° 1925237)
[ vue normale ]
| 000 -LEADER | |
|---|---|
| fixed length control field | 01333cam a2200133 4500500 |
| 005 - DATE AND TIME OF LATEST TRANSACTION | |
| control field | 20260329023154.0 |
| 041 ## - LANGUAGE CODE | |
| Language code of text/sound track or separate title | fre |
| 042 ## - AUTHENTICATION CODE | |
| Authentication code | dc |
| 100 10 - MAIN ENTRY--PERSONAL NAME | |
| Personal name | Dufour, Éric |
| Relator term | author |
| 245 00 - TITLE STATEMENT | |
| Title | La valeur d'un film : Philosophie du beau au cinéma |
| 260 ## - PUBLICATION, DISTRIBUTION, ETC. | |
| Name of publisher, distributor, etc. | Armand Colin,<br/> |
| Date of publication, distribution, etc. | 2015.<br/> |
| 520 ## - SUMMARY, ETC. | |
| Summary, etc. | Qu’est-ce qu’un « bon » film ? Quels sont les critères qui permettent de juger de sa qualité et de son intérêt ? Comment définir et analyser le « beau » au cinéma ? Un bon film n’est-il pas tout simplement un film qui impacte notre vie d’une façon ou d’une autre ? Cet ouvrage tente de répondre à ces questions en proposant une réflexion sur ce qui fait la valeur d’un film et sur la façon de l’estimer : contextes artistique et sociopolitique, référents cinématographiques et historiques, théories des catégories et des genres… Pour étayer son propos, l’auteur s’appuie sur les concepts philosophiques de jugement, de goût, de valeur, de plaisir et d’usage, qu’il confronte à de nombreux exemples de films, de Glen ou Glenda d’Ed. Wood à Batman : le défi de Tim Burton, en passant par Ludwig de Luchino Visconti, Scarface de Brian de Palma et bien d’autres. |
| 856 41 - ELECTRONIC LOCATION AND ACCESS | |
| Uniform Resource Identifier | <a href="https://shs.cairn.info/la-valeur-d-un-film--9782200289959?lang=fr&redirect-ssocas=7080">https://shs.cairn.info/la-valeur-d-un-film--9782200289959?lang=fr&redirect-ssocas=7080</a> |
Pas d'exemplaire disponible.




Réseaux sociaux